Centroamérica y la iniciativa de las Américas

محفوظ في:
التفاصيل البيبلوغرافية
التنسيق: نص
الوسوم: إضافة وسم
لا توجد وسوم, كن أول من يضع وسما على هذه التسجيلة!

MARC

LEADER 00000 a a2200000 04500
001 12731
003
040
245 |a Centroamérica y la iniciativa de las Américas  
773 |g número 13; páginas 9-16  
999 |c 34467  |d 34467